Pays avec le plus d'animaux de compagnie - Statistiques

Statistiques générales
  • Ce quiz a été pris 393 fois
  • Le résultat moyen est 11 sur 17
Statistiques - réponses
Propriété des animaux % Pays % Correct
La plupart des chats 41 % France
99%
La plupart des chats 39 % États Unis
92%
La plupart des animaux de compagnie 70 % États Unis
92%
La plupart des poissons 17 % Chine
85%
La plupart des oiseaux 11 % Espagne
78%
La plupart des chiens 58 % Brésil
73%
La plupart des oiseaux 11 % Brésil
73%
La plupart des animaux de compagnie 75 % Brésil
73%
La plupart des chats 57 % Russie
73%
La plupart des animaux de compagnie 73 % Russie
73%
La plupart des chiens 64 % Mexique
62%
La plupart des animaux de compagnie 80 % Mexique
62%
La plupart des chiens 66 % Argentine
54%
La plupart des animaux de compagnie 80 % Argentine
54%
La plupart des poissons 15 % Belgique
41%
La plupart des poissons 16 % Turquie
29%
La plupart des oiseaux 20 % Turquie
29%
Aucun quiz correspondant
Distribution des résultats
% des personnes avec chaque résultat
Percentile par nombre de réponses
Votre historique - résultats
Vous n’avez pas pris ce quiz